Nguyễn Tuân - về tác gia và tác phẩm
保存先:
| フォーマット: | Sách giấy |
|---|---|
| 言語: | Vietnamese |
| 出版事項: |
H. :
Giáo dục,
2000
|
| 主題: | |
| タグ: |
タグ追加
タグなし, このレコードへの初めてのタグを付けませんか!
|
| Thư viện lưu trữ: | Thư viện Trường Đại học Đà Lạt |
|---|
| LEADER | 00668nam a2200277 4500 | ||
|---|---|---|---|
| 001 | DLU020017693 | ||
| 005 | ##20010420 | ||
| 020 | # | # | |a 978- |
| 041 | # | # | |a vie |
| 082 | # | # | |a 895.922 3 |b Ngu |
| 245 | # | # | |a Nguyễn Tuân - về tác gia và tác phẩm |
| 260 | # | # | |a H. : |b Giáo dục, |c 2000 |
| 300 | # | # | |a 600 tr.; |c 24 cm. |
| 653 | # | # | |a Chân dung văn học |
| 653 | # | # | |a Nghiên cứu văn học |
| 653 | # | # | |a Nguyễn Tuân, 1910-1987 |
| 653 | # | # | |a Nhà văn Việt Nam |
| 992 | # | # | |a 50000 |
| 994 | # | # | |a DLU |
| 900 | # | # | |a False |
| 911 | # | # | |a Administrator |
| 925 | # | # | |a G |
| 926 | # | # | |a A |
| 927 | # | # | |a SH |
| 980 | # | # | |a Thư viện Trường Đại học Đà Lạt |